000 00946nac a22003257a 4500
001 BR0002669
003 BR-BrBNA
005 20240105122412.0
008 230509b bl.|||m| |||| 00| 0 por d
040 _aBR-BrBNA
_bpor
_cBiblioteca Nacional de Agricultura
072 _aH20
090 _a1120 BR0002669
100 1 _aAnjos, J.R.N. dos
100 1 _aCharchar, M.J.A.
100 1 _aPinto, A.C.Q.
100 1 _aRamos, V.H.V.
110 1 _aEMBRAPA Cerrados, Planaltina, DF (Brasil)
245 1 _aDistribuicao da malformacao da mangueira no cerrado
260 3 _aPlanaltina, DF (Brasil):
_c1999.
300 _a2 p.
490 _aPesquisa em Andamento - EMBRAPA Cerrados (Brazil)
_vno. 9
_xISSN 1517-4921
650 _aManga
650 _aMalformacao
650 _aFungo
650 _aFloracao
650 _aDisturbio Vegetal
650 _aCerrado
909 _a202312
_bLúcia Elande
_c55
_dLúcia Elande
942 _2AGRIS
_n0
_cMS
999 _c290839
_d290839